000 00713nam a2200205 a 4500
005 20251205063950.0
008 991125s1982 mx 000 0 spa u
035 _aUPN01000011137
049 _aF
050 4 _aLB1025
_bD5 no.11
100 1 _aGarcía Malo Urrutia, Javier
245 1 0 _aConsideraciones acerca de los fracasos de los estudiantes en las disciplinas científicas /
_cJavier García Malo Urrutia.
260 _aMéxico :
_bUniversidad Iberoamericana, Centro de Didáctica,
_c1982.
300 _ap. 99-105
440 0 _aDIDAC.
_pBoletín ;
_v11
650 4 _aCiencia
_xEstudio y enseñanza
_96354
650 4 _aDeserción escolar
_96083
650 4 _aEnseñanza
_vColecciones
_921467
905 _aLibro
999 _c11137
_d11137